Cyber Jurisprudence / (Record no. 614080)

000 -LEADER
fixed length control field 00297nam a22001217a 4500
082 ## - DEWEY DECIMAL CLASSIFICATION NUMBER
Classification number 340.5
Author Mark TUB
100 ## - MAIN ENTRY--PERSONAL NAME
Personal name Tubrazy, S.J.
245 ## - TITLE STATEMENT
Title Cyber Jurisprudence /
Statement of responsibility, etc. S.J. Tubrazy
260 ## - PUBLICATION, DISTRIBUTION, ETC.
Place of publication, distribution, etc. Lahore:
Name of publisher, distributor, etc. Manzoor Law Book House,
Date of publication, distribution, etc. 2017.
300 ## - PHYSICAL DESCRIPTION
Extent 219 p.
563 ## - BINDING INFORMATION
Binding note HB.
942 ## - ADDED ENTRY ELEMENTS (KOHA)
Source of classification or shelving scheme
Koha item type Book
Holdings
Withdrawn status Lost status Source of classification or shelving scheme Damaged status Not for loan Permanent Location Current Location Date acquired Total Checkouts Full call number Barcode Date last seen Price effective from Koha item type
          NUST Law School (NLS) NUST Law School (NLS) 07/03/2025   340.5 TUB NLS-3119 07/03/2025 07/03/2025 Book
          NUST Law School (NLS) NUST Law School (NLS) 07/03/2025   340.5 TUB NLS-3120 07/03/2025 07/03/2025 Book
          NUST Law School (NLS) NUST Law School (NLS) 07/03/2025   340.5 TUB NLS-3121 07/03/2025 07/03/2025 Book
© 2023 Central Library, National University of Sciences and Technology. All Rights Reserved.